=LDR 00000nam 2200000 4500 =001 INLIS000000000049462 =005 20170221142815.0 =006 =007 =008 =020 ##$$a 978-602-7686-15-1 =035 ##$$0010-021700000000254 =040 ##$$a NBPDMAT =082 ##$$a 398.209 598 651 =090 ##$$a 398.209 598 651 $BRat k =100 ##$$a Ratmaja, Lalu =245 ##$$a Kumpulan cerita Rakyat Lombok $c / Lalu Ratmaja, S.Pd.; Editor, Ahmad Sirulhaq, MA. =250 ##$$a Cet. 1 =260 ##$$a Selong $b KSU Primaguna $c 2011 =300 ##$$a iv, 66 hlm. ; $c 20 cm =650 ##$$a Cerita Rakyat - Lombok =700 ##$$a Ahmad Sirulhaq, MA =850 ##$$a NBPDMAT =990 ##$$a 21603910 =990 ##$$a 21603911 =990 ##$$a 21603912 =990 ##$$a 21603913 =990 ##$$a 21603914 =990 ##$$a 036/46/2013 =990 ##$$a 21603910 =990 ##$$a 21603912 =990 ##$$a 21603913 =990 ##$$a 21603914 =990 ##$$a 036/46/2013 =990 ##$$a 21603910 =990 ##$$a 036/46/2013 =990 ##$$a 21603912 =990 ##$$a 21603914 =990 ##$$a 036/46/2013 =990 ##$$a 036/46/2013 =990 ##$$a 21603912 =990 ##$$a 036/46/2013 =990 ##$$a 21603914 =990 ##$$a 036/46/2013 =990 ##$$a 036/46/2013 =990 ##$$a 036/46/2013 =990 ##$$a 036/46/2013 =990 ##$$a 21603914 =990 ##$$a 036/46/2013 =990 ##$$a 036/46/2013 =990 ##$$a 036/46/2013 =990 ##$$a 036/46/2013 =990 ##$$a 036/46/2013